| 000 | 00655nam a2200145Ia 4500 | ||
|---|---|---|---|
| 008 | 170221s9999 xx 000 0 und d | ||
| 100 | _aMehwish Iftikhar | ||
| 245 | _aExploring the Relationship among Organizational Citizenship Behavior, Psychological Empowerment and Turnover Intensions with the Mediating Role of Affective Commitment | ||
| 245 | _cMehwish Iftikhar, Muhammad Umer Shahid, Muhammad Hamza Shahab, Mehvish Mobeen, Muhammad Imran Qureshi | ||
| 260 | _bInternational Review of Management and Marketing | ||
| 260 | _c2016 | ||
| 300 | _a6 : 4S | ||
| 650 | _xMarketing. | ||
| 856 | _uhttp://www.econjournals.com/index.php/irmm/issue/view/77 | ||
| 999 |
_c308237 _d308237 |
||